[Event "Biella op 1st"]
[Site "Biella"]
[Date "2010.09.26"]
[Round "5"]
[White "Arruzza, Francesco"]
[Black "Coppola, Federico"]
[Result "1/2-1/2"]
[WhiteElo "1850"]
[BlackElo "1590"]
[PlyCount "93"]
[EventDate "2010.09.24"]
[EventType "swiss"]
[EventRounds "5"]
[EventCountry "ITA"]
[SourceTitle "EXT 2024"]
[Source "ChessBase"]
[SourceDate "2023.10.10"]
[SourceVersion "1"]
[SourceVersionDate "2023.10.10"]
[SourceQuality "1"]

1. e4 c5 2. Nf3 d6 3. d4 cxd4 4. Nxd4 Nf6 5. f3 Nc6 6. c4 Qb6 7. Nc2 g6 8. Nc3 Bg7 9. Rb1 0-0 10. Be3 Qc7 11. Be2 Ne5 12. b3 Nfd7 13. Qd2 Nc5 14. Nd4 a6 15. Rc1 Nc6 16. 0-0 Nxd4 17. Bxd4 Bxd4+ 18. Qxd4 Ne6 19. Qe3 Bd7 20. Nd5 Qd8 21. Rfd1 Re8 22. Rd2 Bc6 23. Rcd1 Bxd5 24. Rxd5 Qc7 25. f4 Rec8 26. f5 Nc5 27. f6 exf6 28. Rxd6 Ne6 29. Bg4 Rd8 30. Qd2 Rxd6 31. Qxd6 Rd8 32. Qxc7 Rxd1+ 33. Bxd1 Nxc7 34. Kf2 Kf8 35. Ke3 Ne6 36. Bg4 Ke7 37. Bxe6 fxe6 38. Kd4 Kd6 39. c5+ Kc6 40. a4 e5+ 41. Kc4 f5 42. exf5 gxf5 43. b4 e4 44. Kd4 h5 45. g3 Kc7 46. h3 Kc6 47. Kc4 1/2-1/2